| 000 | 00482nam a2200157Ia 4500 | ||
|---|---|---|---|
| 008 | 230907s9999||||xx |||||||||||||| ||und|| | ||
| 082 |
_a621.36 _bMUH |
||
| 100 |
_aMuhammad Sheheryar Iqbal (00000171008) _9116537 |
||
| 245 | 0 | _aOff-Grid Electrification Methods : A Comparative Analysis / | |
| 260 |
_aUSPCAS-E, NUST, _bIslamabad : _c2020 |
||
| 300 | _axi, 85 p. | ||
| 520 | _aTH-236 | ||
| 650 | _aMS-ESE Thesis MS Thesis | ||
| 700 |
_aDr Kafait Ullah _9116991 |
||
| 942 |
_cTHE _2ddc |
||
| 999 |
_c601915 _d601915 |
||